BSOP header

Habakkuk, Zephaniah, Haggai : (Record no. 55039)

MARC details
000 -LEADER
fixed length control field 01043nam a22002897a 4500
005 - DATE AND TIME OF LATEST TRANSACTION
control field 20251219085802.0
008 - FIXED-LENGTH DATA ELEMENTS--GENERAL INFORMATION
fixed length control field 251219b |||||||| |||| 00| 0 eng d
020 ## - INTERNATIONAL STANDARD BOOK NUMBER
International Standard Book Number 9789888672158
040 ## - CATALOGING SOURCE
Original cataloging agency BSOP
041 ## - LANGUAGE CODE
Language code of text/sound track or separate title chi
050 ## - LIBRARY OF CONGRESS CALL NUMBER
Classification number BS498.C5
100 ## - MAIN ENTRY--PERSONAL NAME
Linkage 880-1
Personal name Wong, Tin-sheung
245 ## - TITLE STATEMENT
Linkage 880-1
Title Habakkuk, Zephaniah, Haggai :
Remainder of title Zechariah, Malachi {ch} /
Statement of responsibility, etc Tin-sheung Wong and Smauel Y. C. Tang.
250 ## - EDITION STATEMENT
Edition statement 1st ed.
264 ## - PRODUCTION, PUBLICATION, DISTRIBUTION, MANUFACTURE STATEMENTS
Place of production, publication, distribution, manufacture Hong Kong :
Name of producer, publisher, distributor, manufacturer <a href="Tien Dao Publishing House Ltd.,">Tien Dao Publishing House Ltd.,</a>
Date of production, publication, distribution, manufacture 2020.
300 ## - PHYSICAL DESCRIPTION
Extent x, 340p. ;
Dimensions 23cm.
440 ## - SERIES STATEMENT/ADDED ENTRY--TITLE
Title Worldwide Tien Dao Abridged Bible Commentary
650 ## - SUBJECT ADDED ENTRY--TOPICAL TERM
Topical term or geographic name as entry element Bible -- Habakkuk -- Commentaries {ch}.
650 ## - SUBJECT ADDED ENTRY--TOPICAL TERM
Topical term or geographic name as entry element Bible -- Malachi -- Commentaries {ch}.
650 ## - SUBJECT ADDED ENTRY--TOPICAL TERM
Topical term or geographic name as entry element Bible -- Zachariah -- Commentaries {ch}.
650 ## - SUBJECT ADDED ENTRY--TOPICAL TERM
Topical term or geographic name as entry element Bible -- Haggai -- Commentaries {ch}.
650 ## - SUBJECT ADDED ENTRY--TOPICAL TERM
Topical term or geographic name as entry element Bible -- Zephaniah -- Commentaries {ch}.
700 ## - ADDED ENTRY--PERSONAL NAME
Personal name Tang, Samuel Y. C.
880 ## - ALTERNATE GRAPHIC REPRESENTATION
Linkage 100-1
a 黃天相
880 ## - ALTERNATE GRAPHIC REPRESENTATION
Linkage 245-1
a 哈巴谷書, 西番雅書, 哈該書, 撒加利亞書, 瑪拉基書
942 ## - ADDED ENTRY ELEMENTS (KOHA)
Source of classification or shelving scheme Library of Congress Classification
Item type Books
Holdings
Withdrawn status Lost status Source of classification or shelving scheme Damaged status Not for loan Home library Current library Shelving location Date acquired Source of acquisition Inventory number Total Checkouts Full call number Barcode Date last seen Price effective from Koha item type Public note
    Library of Congress Classification     BSOP Library BSOP Library Reference Chinese 08/26/2025 Donation C-16148   BS498.C5 W92/PropII 00063096 12/19/2025 12/19/2025 Books Tien Dao
BSOP

Biblical Seminary of the Philippines
  All rights Reserved
  © 2024

CONTACT INFORMATION

Biblical Seminary of the Philippines,
  77-B Karuhatan Road, Valenzuela City,
  PHILIPPINES 1441
  Phone: +632 8292-6795 / 8292-6798
  Fax : +632 8292-6675
  Email: library@bsop.edu.ph